Germinação em temperatura sub-ótima de embriões de Inga vera subsp. affinis obtidos sob diferentes condições ambientais (Registro n. 330001)
[ somente texto ]
| 000 -LÍDER | |
|---|---|
| fixed length control field | 03329nab a2200289 i 4500 |
| 003 - CÓDIGO MARC DA AGÊNCIA CATALOGADORA | |
| Campo de controle | BR-BrBNA |
| 005 - DATA E HORA DA ÚLTIMA ATUALIZAÇÃO | |
| Campo de controle | 20250217100809.0 |
| 008 - CAMPO DE TAMANHO FIXO | |
| fixed length control field | 250217b2013 bl.qr|pooa||| 00| 0 por | |
| 040 ## - FONTE DA CATALOGAÇÃO | |
| Agência catalogadora | BR-BrBNA |
| Idioma da catalogação | por |
| 072 ## - CATEGORIA AGRIS | |
| Código AGRIS | F03 |
| 072 ## - CATEGORIA AGRIS | |
| Código AGRIS | K10 |
| 072 ## - CATEGORIA AGRIS | |
| Código AGRIS | F62 |
| 100 ## - ENTRADA PRINCIPAL - NOME PESSOAL | |
| Nome pessoal | Lamarca, Edmir Vicente |
| 100 ## - ENTRADA PRINCIPAL - NOME PESSOAL | |
| Nome pessoal | Bonjovani, Marcio Roberto |
| 100 ## - ENTRADA PRINCIPAL - NOME PESSOAL | |
| Nome pessoal | Faria, José Marcio Rocha |
| 100 ## - ENTRADA PRINCIPAL - NOME PESSOAL | |
| Nome pessoal | Barbedo, Claudio José |
| 245 ## - TÍTULO PRINCIPAL | |
| Título principal | Germinação em temperatura sub-ótima de embriões de Inga vera subsp. affinis obtidos sob diferentes condições ambientais |
| 500 ## - NOTA GERAL | |
| Nota geral | Publicação on-line; 36 ref.; 5 tables; Summaries (En, Pt) |
| 942 ## - ADDED ENTRY ELEMENTS (KOHA) | |
| Koha item type | Analítica |
| 520 ## - NOTA DE RESUMO | |
| Nota de conteúdo | <br/><br/>Resumo<br/><br/>As condições hídricas e térmicas do ambiente durante a formação das sementes podem condicionar diversas<br/>respostas fisiológicas, como a exigência térmica para a germinação. Neste trabalho analisou-se a germinação<br/>de embriões de Inga vera subsp. affinis de origens distintas em resposta a diferentes temperaturas, incluindo-se<br/>o cálculo dos graus-dia e da chuva acumulada durante o desenvolvimento e maturação. Os embriões foram<br/>obtidos de frutos maduros de matrizes localizadas em São Paulo e Minas Gerais e analisados quanto ao teor de<br/>água, conteúdo de massa seca e germinação. Os resultados demonstram variações nas respostas germinativas<br/>entre as origens dos materiais, sob temperatura sub-ótima. Dependendo da origem os embriões de I.vera subsp.<br/>affinis germinam a partir de 10°C ou 15°C e apresentam melhor desempenho em tempo a partir de 20°C ou<br/>25°C. Tais variações podem estar associadas, entre outros fatores, às condições do ambiente de formação e<br/>ao grau de maturidade das sementes no momento da dispersão.<br/><br/>Palavras-chave: graus-dia, sementes florestais, Leguminosae.<br/><br/><br/><br/><br/><br/>Abstract<br/><br/>Physiological responses like the thermal requirements for germination may be influenced during seed forma- tion <br/>by environmental conditions such as water availability and temperature. Here we analyzed germination<br/>of embryos of Inga vera subsp. affinis from different sources in response to various temperature regimes,<br/>including calculation of degree days and accumulated rainfall during development and maturation. Embryos<br/>were taken from ripe fruits collected on trees located in São Paulo and Minas Gerais, and were analyzed as<br/>to germination, water content and dry matter content. The results showed that the origin of the embryos was<br/>related to variation in response under sub-optimal temperatures. Depending on the origin, I.vera subsp. affinis<br/>embryos were able to germinate even at low temperatures (10 to 15°C), with better performance attained<br/>from 20 to 25°C. This variation may be associated, among other factors, to environmental conditions during<br/>maturation and to the maturation stage at seed dispersal.<br/><br/>Key words: degree-day, forest seeds, Leguminosae. |
| 650 ## - ASSUNTO - THESAGRO | |
| Cabeçalho tópico ou nome geográfico | SEMENTE FLORESTAL |
| 650 ## - ASSUNTO - THESAGRO | |
| Cabeçalho tópico ou nome geográfico | LEGUMINOSAE |
| 650 ## - ASSUNTO - THESAGRO | |
| Cabeçalho tópico ou nome geográfico | GERMINAÇÃO |
| 773 0# - ENTRADA ANALÍTICA | |
| Host Biblionumber | 709 |
| Registro do item | 348387 |
| Imprenta | Rio de Janeiro-RJ Jardim Botanico do Rio de Janeiro 1935 |
| Outro identificador | 2025-0880 |
| Título | Rodriguésia (Brazil) |
| ISSN | 0370-6583; 2175-7860 on-line |
| Colação | v. 64(4) p. 877-885; (2013) |
| Número de controle de registro | BR2024004169 |
| 856 ## - ACESSO E ENDEREÇO ELETRÔNICO | |
| Identificador uniforme de recurso - URI | https://www.scielo.br/j/rod/a/SP3KM8c3HPbxvFhvYcZ44zh/?format=pdf&lang=pt |
Nenhum exemplar disponível.

BINAGRI